[Event "HCL-E1480"]
[Site "www.playchess.de"]
[Date "2006.01.03"]
[Round "18"]
[White "alldrix"]
[Black "Tarrega"]
[WhiteElo "1723"]
[BlackElo "1514"]
[PlyCount "62"]
[Result "0-1"]

1.e4 {good luck from Aracaju}  d5 {gl 2 u 2}  
2.exd5 Nf6 3.Nc3 Nxd5 4.Nf3 Nxc3 5.bxc3 g6 6.Bc4 
Bg7 7.O-O O-O 8.Ba3 b6 9.d4 Ba6 10.Qe2 Bxc4 
11.Qxc4 Nd7 12.Rad1 Re8 13.Rfe1 e6 14.Qc6 Nf6 
15.Ne5 Nd5 16.Rd3 Ne7 17.Qf3 Nf5 18.Nc6 Qd5 
19.Qxd5 exd5 20.Ne7+ Nxe7 21.Rxe7 Bf8 22.Rde3 Bxe7 
23.Bxe7 f5 24.g3 Kf7 25.Bg5 Rxe3 26.fxe3 b5 27.Kf2 
Rb8 28.Bf4 Rb7 29.Ke2 c6 30.a3 Ke6 31.Kd3 
Rb6 0-1

[Event "HCL-B3664"]
[Site "www.playchess.de"]
[Date "2006.01.03"]
[Round "3"]
[White "Phileas"]
[Black "errantknight"]
[WhiteElo "1400"]
[BlackElo "1267"]
[PlyCount "127"]
[Result "1-0"]

1.d4 e6 2.e4 Bb4+ 3.c3 Be7 4.Nf3 d5 5.e5 Nc6 6.Bb5 
Bd7 7.O-O Nb8 8.Qa4 c6 9.Bd3 c5 10.Qc2 g6 11.Be3 
c4 12.Be2 f6 13.Re1 fxe5 14.Nxe5 Nc6 15.Bf4 Nxe5 
16.Bxe5 Bf6 17.Bg4 Qe7 18.Qe2 O-O-O 19.Bxf6 Nxf6 
20.Bxe6 Bxe6 21.Qxe6+ Qxe6 22.Rxe6 Rde8 23.Rxe8+ 
Rxe8 24.Nd2 Re2 25.Rd1 h5 26.Kf1 Re8 27.Re1 Kd7 
28.Rxe8 Kxe8 29.h3 h4 30.Nf3 Nh5 31.Nxh4 Kf7 32.g3 
Nf6 33.f3 Nd7 34.b4 Nb6 35.Ke2 Kf6 36.f4 Na4 
37.Kd2 g5 38.Nf3 gxf4 39.g4 Nb6 40.Ke2 Na4 41.Kd2 
Nb6 42.h4 Nd7 43.Ke2 Kg6 44.Ng5 Nf6 45.Kf3 Nd7 
46.Kxf4 Nb6 47.Ke3 Nd7 48.Kf4 Nb6 49.Ke5 Na4 
50.Kxd5 Nxc3+ 51.Kxc4 Nxa2 52.d5 Nc1 53.d6 Kf6 
54.Kd5 Ne2 55.Ne6 Nc3+ 56.Kd4 Nb5+ 57.Kc5 Kxe6 
58.Kxb5 Kxd6 59.Kc4 Ke6 60.Kd4 Kf6 61.Kd5 b6 62.b5 
Kg6 63.Kc6 a5 64.bxa6 1-0

[Event "HCL-A2510"]
[Site "www.playchess.de"]
[Date "2006.01.03"]
[Round "5"]
[White "taroak"]
[Black "Baldrick"]
[WhiteElo "1399"]
[BlackElo "1727"]
[PlyCount "38"]
[Result "1/2-1/2"]

1.e4 {Good Luck}  d5 {You too!}  2.exd5 Nf6 3.Nc3 
Nxd5 4.Bc4 c6 5.Nf3 Bg4 6.O-O e6 7.h3 Bh5 8.g4 Bg6 
9.d4 Be7 10.Re1 Nd7 11.Ne2 h6 12.Nf4 Bh7 13.Qe2 
N7f6 14.Nxe6 fxe6 15.Qxe6 Qd7 16.Bxd5 cxd5 17.Qe2 
Nxg4 18.hxg4 Qxg4+ 19.Kh2 Qh5+ {(offering draw) I 
offer a draw!}  1/2-1/2

[Event "HCL-E1510"]
[Site "www.playchess.de"]
[Date "2006.01.03"]
[Round "9"]
[White "Walter"]
[Black "Sinla"]
[WhiteElo "1901"]
[BlackElo "1752"]
[PlyCount "30"]
[Result "0-1"]

1.c4 {Hi...Let the games begin...}  Nf6 {Have a 
nice game}  2.d4 g6 3.g3 Bg7 4.Bg2 O-O 5.Nf3 d6 
6.O-O Nbd7 7.Nc3 e5 8.e4 c6 9.h3 Qb6 10.Re1 exd4 
11.Nxd4 Re8 12.Nc2 Qc7 13.b3 Nh5 14.Qd2 Nc5 15.Bb2 
a5 0-1

[Event "HCL-A2482"]
[Site "www.playchess.de"]
[Date "2006.01.03"]
[Round "19"]
[White "scylla"]
[Black "taroak"]
[WhiteElo "1451"]
[BlackElo "1418"]
[PlyCount "65"]
[Result "1-0"]

1.d4 g6 2.c4 Bg7 3.Nc3 c5 4.d5 Bxc3+ 5.bxc3 f5 
6.Nf3 Qa5 7.Bb2 Nf6 8.e3 d6 9.Bd3 Nbd7 10.O-O Ne5 
11.Nxe5 dxe5 12.Re1 Bd7 13.Bc2 O-O-O 14.a4 Ne8 
15.Qe2 Nd6 16.Reb1 g5 17.Qh5 Rdg8 18.Qe2 g4 19.Qd2 
h5 20.Bd3 h4 21.Ba3 Rgf8 22.Bc1 Rf6 23.Rb2 Rhf8 
24.Qc2 f4 25.exf4 exf4 26.Bd2 h3 27.g3 fxg3 
28.fxg3 R6f2 29.Bf1 Bf5 30.Qb3 Be4 31.Bf4 Rxb2 
32.Qxb2 Qa6 33.Qe2 1-0

[Event "HCL-E1527"]
[Site "www.playchess.de"]
[Date "2006.01.03"]
[Round "9"]
[White "baggur"]
[Black "Gortemaker"]
[WhiteElo "1660"]
[BlackElo "2000"]
[PlyCount "41"]
[Result "1-0"]

1.e4 {Greetings from Reykjavik Iceland}  e5 
{Greetings from Rotterdam Holland}  2.Nf3 Nf6 
3.Nxe5 d6 4.Nf3 Nxe4 5.d4 d5 6.Bd3 Bg4 7.h3 Bh5 
8.c4 c6 9.g4 Bg6 10.Ne5 Bb4+ 11.Bd2 Nxd2 12.Nxd2 
Bxd3 13.Nxd3 Qe7+ 14.Qe2 Bxd2+ 15.Kxd2 Qxe2+ 
16.Kxe2 dxc4 17.Ne5 b5 18.a4 O-O 19.Rhd1 Re8 
20.Kf1 a6 21.f4 1-0

[Event "HCL-E1527"]
[Site "www.playchess.de"]
[Date "2006.01.03"]
[Round "6"]
[White "Gortemaker"]
[Black "Pijean"]
[WhiteElo "2000"]
[BlackElo "1711"]
[PlyCount "28"]
[Result "0-1"]

1.d4 {Succes!}  Nf6 {bedankt! Hetzelfde voor uw!}  
2.Nc3 e6 3.e4 {Waar in Belgie woont u? Ik woon in 
Rotterdam.}  d6 {Ik woon in Wallonie (bij Waterloo 
- 20 km zuid van Brussels) en ik werk in 
Brussels.}  4.f4 Be7 5.Nf3 a6 6.Bd3 c5 7.dxc5 dxc5 
8.h4 Nc6 9.e5 Nd5 10.Bd2 Nd4 11.g3 Qb6 12.Nxd4 
Nxc3 13.bxc3 cxd4 14.Rb1 Qc6 0-1

[Event "HCL-E1527"]
[Site "www.playchess.de"]
[Date "2006.01.03"]
[Round "2"]
[White "Gortemaker"]
[Black "superulf"]
[WhiteElo "2000"]
[BlackElo "1461"]
[PlyCount "26"]
[Result "0-1"]

1.d4 e5 2.dxe5 Nc6 3.f4 Qe7 4.Nc3 f6 5.exf6 Nxf6 
6.Nf3 b6 7.g3 Bb7 8.Bg2 O-O-O 9.O-O Re8 10.Kh1 Ne4 
11.Nxe4 Qxe4 12.Ne5 Qf5 13.Nxc6 
Bxc6 0-1

[Event "HCL-E1480"]
[Site "www.playchess.de"]
[Date "2006.01.03"]
[Round "17"]
[White "BohdanL"]
[Black "alldrix"]
[WhiteElo "1451"]
[BlackElo "1723"]
[PlyCount "126"]
[Result "0-1"]

1.Nf3 {hi, good game}  e6 {hi!}  2.c4 f5 3.g3 Nf6 
4.Bg2 Be7 5.O-O O-O 6.d4 c6 7.Qc2 d5 8.Bg5 Nbd7 
9.b3 Ne4 10.Bxe7 Qxe7 11.c5 g5 12.Nc3 g4 13.Nh4 
Ndf6 14.f3 gxf3 15.exf3 Ng5 16.Rae1 Qg7 17.Ne2 Nh5 
18.g4 fxg4 19.fxg4 Nf6 20.h3 Qh6 21.Nf3 Nxh3+ 
22.Bxh3 Qxh3 23.Nh2 Bd7 24.Qd2 Ne4 25.Qc1 Qh4 
26.Qe3 Rxf1+ 27.Rxf1 Rf8 28.Rxf8+ Kxf8 29.Qf4+ Qf6 
30.Qxf6+ Nxf6 31.g5 {(offering draw)}  Ne4 32.Nf3 
Kg7 33.Kg2 Kg6 34.Ne5+ Kxg5 35.Nxd7 Kg4 36.Nf8 Ng5 
37.Nd7 Kf5 38.Ne5 Ke4 39.Kf2 h5 40.Ng6 Kd3 41.Ne5+ 
Kc2 42.b4 Kb2 43.a4 a6 44.Kg3 Kb3 45.Kh4 Ne4 
46.Nf4 Kxa4 47.Ned3 Kb3 48.Nxe6 Kc4 49.Nc1 Kxb4 
50.Kxh5 a5 51.Kg4 Kc3 52.Kf3 Nd2+ 53.Ke2 Nb3 
54.Nxb3 Kxb3 55.Kd2 Kb2 56.Nf4 a4 57.Nd3+ Kb3 
58.Kc1 Kc3 59.Nb2 a3 60.Na4+ Kb3 61.Kb1 Kxa4 
62.Ka2 Kb4 63.Ka1 Kc4 0-1

[Event "HCL-E1515"]
[Site "www.playchess.de"]
[Date "2006.01.03"]
[Round "10"]
[White "ChessFox"]
[Black "One_i"]
[WhiteElo "1496"]
[BlackElo "1689"]
[PlyCount "24"]
[Result "0-1"]

1.d4 {Hi,good luck}  Nf6 {Hi, have a good game.}  
2.c4 g6 3.Nc3 Bg7 4.e4 d6 5.f3 O-O 6.Nge2 Nbd7 
7.Be3 a6 8.Qd2 c6 9.Nc1 b5 10.c5 b4 11.Na4 Qa5 
12.Qc2 b3+ 0-1

[Event "HCL-B3761"]
[Site "www.playchess.de"]
[Date "2006.01.03"]
[Round "6"]
[White "ama49"]
[Black "bossjos"]
[WhiteElo "1155"]
[BlackElo "1275"]
[PlyCount "69"]
[Result "1/2-1/2"]

1.e4 e5 2.Nf3 Nc6 3.d4 exd4 4.Nxd4 Nxd4 5.Qxd4 c5 
6.Qe5+ Qe7 7.Qxe7+ Bxe7 8.Nc3 Nf6 9.Bg5 h6 10.Bh4 
O-O 11.Bc4 d6 12.O-O-O Re8 13.Rhe1 Bd7 14.Bxf6 
Bxf6 15.Rxd6 Bc6 16.Nd5 Bxd5 17.Bxd5 Rab8 18.Rd7 
Re5 19.Bxf7+ Kh7 20.Bd5 Re7 21.Rxe7 Bxe7 22.e5 b6 
23.c4 Rd8 24.e6 Rf8 25.f3 Rd8 26.Re4 b5 27.b3 a6 
28.Kc2 b4 29.Kb2 Bf6+ 30.Kc2 Re8 31.h4 Re7 32.h5 
a5 33.g4 Bg5 34.Kb2 Bf6+ 35.Kc2 {(offering draw)} 
 1/2-1/2

[Event "HCL-C3995"]
[Site "www.playchess.de"]
[Date "2006.01.03"]
[Round "4"]
[White "klm"]
[Black "jlms"]
[WhiteElo "1028"]
[BlackElo "1230"]
[PlyCount "66"]
[Result "0-1"]

1.e4 {Hallo und guten Abend aus Deutschland}  e5 
{Guten abend. Alles gut.}  2.Nf3 Nc6 3.Bc4 d6 
4.Nc3 h6 5.d4 Nxd4 6.Nxd4 exd4 7.Qxd4 Be6 8.Bxe6 
fxe6 9.e5 dxe5 10.Qxe5 Qd6 11.Bf4 Qxe5+ 12.Bxe5 
O-O-O 13.O-O Bd6 14.Bxg7 Rh7 15.Be5 Bxe5 16.Rfe1 
Bxc3 17.bxc3 Re7 18.Rad1 Rxd1 19.Rxd1 Rd7 20.Rxd7 
Kxd7 21.g4 c5 22.Kg2 c4 23.Kg3 Kd6 24.f4 Kd5 
25.Kf3 b5 26.a3 a5 27.Ke3 Nf6 28.g5 hxg5 29.fxg5 
Ng8 30.Kf4 e5+ 31.Kf5 e4 32.g6 e3 33.Kf4 
e2 0-1

[Event "HCL-B3758"]
[Site "www.playchess.de"]
[Date "2006.01.03"]
[Round "8"]
[White "Sporang"]
[Black "gronico"]
[WhiteElo "1065"]
[BlackElo "1139"]
[PlyCount "52"]
[Result "0-1"]

1.e4 g6 2.d4 d6 3.Bd3 Bg7 4.d5 c6 5.c4 Nf6 6.Nc3 
O-O 7.h3 e6 8.Nf3 cxd5 9.cxd5 exd5 10.exd5 Re8+ 
11.Be3 Nbd7 12.O-O Ne5 13.Bb5 Nxf3+ 14.Qxf3 Re5 
15.Rfe1 Qa5 16.Bd4 Rxe1+ 17.Rxe1 Bd7 18.Bd3 Nxd5 
19.Nxd5 Bxd4 20.Ne7+ Kg7 21.h4 Qxe1+ 22.Kh2 Qxe7 
23.h5 {what a mistake I made...}  Qh4+ {yes i saw 
! sorry ...}  24.Kg1 Re8 25.g3 Re1+ 26.Kg2 
Qh1+ 0-1

[Event "HCL-E1522"]
[Site "www.playchess.de"]
[Date "2006.01.03"]
[Round "8"]
[White "BohdanL"]
[Black "baggur"]
[WhiteElo "1499"]
[BlackElo "1660"]
[PlyCount "72"]
[Result "0-1"]

1.Nf3 {Hi, nice to meet you again :-)}  Nf6 {Hello 
again!}  2.g3 g6 3.b4 Bg7 4.Bb2 O-O 5.Bg2 d5 6.O-O 
b6 7.d3 c5 8.a3 Nc6 9.Nbd2 Bb7 10.c4 cxb4 11.Bxf6 
Bxf6 12.cxd5 Qxd5 13.axb4 Bxa1 14.Qxa1 Nxb4 15.Qa4 
Nc6 16.Nd4 Qa5 17.Bxc6 Qxa4 18.Bxa4 Rfd8 19.N4f3 
Rac8 20.Bb3 Kg7 21.Bc4 a6 22.Ne5 f6 23.Ng4 b5 
24.Be6 Rc2 25.Rd1 Rd6 26.Bb3 Rb2 27.e4 a5 28.Ne3 
Rxd3 29.Bc2 Rxe3 30.fxe3 Rxc2 31.Nb3 Bxe4 32.Nxa5 
Rg2+ 33.Kf1 Rxh2 34.Rd7 Kf7 35.Nb3 Rb2 36.Nc5 
Bf5 0-1

[Event "HCL-E1440"]
[Site "www.playchess.de"]
[Date "2006.01.04"]
[Round "10"]
[White "tensai"]
[Black "PieceSeeker3"]
[WhiteElo "1437"]
[BlackElo "1485"]
[PlyCount "72"]
[Result "0-1"]

1.c4 {Hello & Good Luck.}  c5 {Thanks and you 
too!}  2.Nc3 g6 3.e3 Bg7 4.d4 cxd4 5.exd4 e6 6.Nf3 
Nf6 7.Bg5 O-O 8.Bxf6 Bxf6 9.Be2 Nc6 10.a3 d5 
11.cxd5 exd5 12.O-O Be6 13.h3 a6 14.b4 Rc8 15.Na4 
Re8 16.Nc5 Qe7 17.Re1 Qc7 18.Nxe6 Rxe6 19.Qd2 Rce8 
20.b5 axb5 21.Bxb5 R6xe1+ 22.Nxe1 Re4 23.Bxc6 Qxc6 
24.Nf3 Qe8 25.Re1 Rxe1+ 26.Nxe1 Qe7 27.Qe3 {How 
about a draw?}  b5 28.Nc2 Qd7 29.Qf4 Kg7 30.Qe3 h6 
31.Kh2 Qc7+ 32.f4 Qxc2 33.f5 Qe4 34.Qb3 Qxd4 35.g4 
Qb2+ 36.Qxb2 Bxb2 0-1

[Event "HCL-E1459"]
[Site "www.playchess.de"]
[Date "2006.01.04"]
[Round "2"]
[White "takesa"]
[Black "tensai"]
[WhiteElo "1544"]
[BlackElo "1435"]
[PlyCount "112"]
[Result "1-0"]

1.e4 e6 {Good Luck.}  2.Nc3 {-}  Bb4 3.e5 Bxc3 
4.dxc3 h6 5.Nf3 a6 6.Bd3 d6 7.O-O Nc6 8.Bf4 dxe5 
9.Nxe5 Nxe5 10.Bxe5 Nf6 11.Qf3 c6 {Game is 
50/50.How about a draw?}  12.Rad1 {50/50 only in 
material...}  Rg8 {We shall see about that.}  
13.Rfe1 {)}  Bd7 14.b4 Nd5 15.Qh5 Nf6 16.Qh4 Rh8 
17.c4 b5 18.c5 g5 19.Qd4 Nd5 20.Bxh8 Qe7 21.a3 f6 
22.Qg4 Qf7 23.Qf5 Ke7 24.c4 Nf4 25.Bxf6+ Qxf6 
26.Qh7+ Qf7 27.Qxh6 Rg8 28.Bh7 Rg7 29.Bf5 Kf8 
30.Bg4 Kg8 31.Bxe6 Nxe6 32.Rxd7 Rg6 33.Rxf7 Rxh6 
34.Re7 Nf8 35.R7e4 Rf6 36.cxb5 axb5 37.Rg4 Nh7 
38.h4 Kg7 39.hxg5 Rg6 40.Re7+ Kg8 41.f4 Nf6 42.Rh4 
Nd5 43.Reh7 Kf8 44.R7h8+ Kf7 45.R4h7+ Ke6 46.Rf8 
Ne7 47.Re8 Kf5 48.Rf7+ Ke4 49.Rexe7+ Kd5 50.Re5+ 
Kc4 51.Rf6 Rg7 52.Rxc6 Ra7 53.Re3 Kd4 54.Kf2 Kd5 
55.Rd6+ Kc4 56.Rdd3 {Happy New Year!}  Re7 {Same 
to you. Hope it will be a happy new year for all 
mankind.}  1-0

[Event "HCL-C3967"]
[Site "www.playchess.de"]
[Date "2006.01.04"]
[Round "4"]
[White "Designiori"]
[Black "JerryReneau"]
[WhiteElo "1346"]
[BlackElo "1117"]
[PlyCount "87"]
[Result "1-0"]

1.d4 d5 2.c4 dxc4 3.Qa4+ c6 4.Nc3 Bd7 5.Qxc4 Nf6 
6.Nf3 b5 7.Qb3 Be6 8.Qc2 g6 9.e4 Bg7 10.Be2 O-O 
11.O-O Qc7 12.Nxb5 Qb6 13.Nc3 Bg4 14.h3 Bxf3 
15.Bxf3 Nbd7 16.Be3 Qc7 17.Rac1 Rad8 18.Nb5 Qb7 
19.Qxc6 Qxc6 20.Rxc6 e5 21.d5 Rdb8 22.Be2 Nxe4 
23.Rc7 Ndf6 24.d6 a6 25.Nc3 Rxb2 26.d7 Nxc3 
27.Rxc3 Rxe2 28.Rd1 Nxd7 29.Rxd7 e4 30.Ra3 Ra8 
31.Ra7 Rd8 32.R3xa6 Be5 33.g3 Bxg3 34.R7a8 Rxa8 
35.Rxa8+ Kg7 36.Bd4+ Kh6 37.fxg3 f5 38.a4 Ra2 
39.a5 Kg5 40.a6 f4 41.gxf4+ Kxf4 42.a7 Kg3 43.Rh8 
Rc2 44.Kf1 1-0

[Event "HCL-A2540"]
[Site "www.playchess.de"]
[Date "2006.01.04"]
[Round "22"]
[White "HOTSUN"]
[Black "MimiSiku"]
[WhiteElo "1603"]
[BlackElo "1479"]
[PlyCount "70"]
[Result "1/2-1/2"]

1.e4 {hi again}  c6 {Hi. Hope, we'll have a nice 
match again!}  2.d4 {our 6th game}  d5 {Indeed, 
and we're equal!}  3.exd5 {im hoping we wont be 
after this game.}  cxd5 {Hmmm... we'll see. Hope, 
I don't have another blunders!}  4.Nc3 {no i dont 
mind}  e6 5.Nf3 {blunder away please do.it's 
christmas}  Nf6 {YES! No place for blunders!!!}  
6.a3 Nc6 7.Bb5 Bd7 8.O-O Be7 9.Re1 O-O 10.Bg5 Na5 
11.Bxd7 Qxd7 12.Ne5 Qd6 13.b3 Rac8 14.Nb5 Qa6 
15.a4 Rfd8 16.Nd3 b6 17.Bf4 Ne4 18.Bc7 Rd7 19.Bf4 
Nc3 20.Nxc3 Rxc3 21.Re3 Qc8 22.Ra2 Bd6 23.Bxd6 
Rxd6 24.Nf4 Rdc6 25.Rxc3 {(offering draw)}  Rxc3 
{Let's still play on a while, ok?}  26.Rb2 {ok if 
you promise not to try anything sneaky and win the 
game.}  Rc7 {:-)) Hmm, I'll do my very best...}  
27.g3 Nc6 28.Qd2 a5 29.c3 Ne7 30.Rc2 Nf5 31.Qd3 
Nd6 32.f3 Nf5 33.Kf2 Ne7 34.Nh3 Nc6 35.Re2 g6 
{(offering draw) Ok, you're right - we've got 
another draw...}  1/2-1/2

[Event "HCL-B3811"]
[Site "www.playchess.de"]
[Date "2006.01.04"]
[Round "2"]
[White "djpnola"]
[Black "dynamike"]
[WhiteElo "1173"]
[BlackElo "1512"]
[PlyCount "106"]
[Result "0-1"]

1.f4 d5 2.d4 Nf6 3.h3 e6 4.Nc3 Bb4 5.Bd2 Nc6 6.Nf3 
O-O 7.e3 Bxc3 8.Bxc3 Ne4 9.Bd3 Nxc3 10.bxc3 h6 
11.O-O Ne7 12.Bh7+ Kxh7 13.Ng5+ Kg8 14.Nf3 Nf5 
15.Qd3 Nd6 16.g4 Ne4 17.g5 hxg5 18.Nxg5 Nxg5 
19.fxg5 Qxg5+ 20.Kh1 e5 21.Rfg1 Qh5 22.Rg3 e4 
23.Qf1 Bd7 24.Qg2 g6 25.Rg5 Qxh3+ 26.Qxh3 Bxh3 
27.Rag1 Bf5 28.R1g2 Rad8 29.a4 Rd6 30.Rxf5 Ra6 
31.Rxd5 Rxa4 32.Rc5 c6 33.Re5 a5 34.Rxe4 Rc4 
35.Re7 b5 36.Rd7 a4 37.Ra7 Rxc3 38.d5 cxd5 39.Ra5 
a3 40.Rxb5 Ra8 41.Rg1 a2 42.Rxd5 a1Q 43.Rxa1 Rxa1+ 
44.Kg2 Rxc2+ 45.Kf3 Rac1 46.Rd8+ Kg7 47.e4 Rf1+ 
48.Kg3 Re2 49.Re8 Re3+ 50.Kg2 Rfe1 51.Kf2 R3xe4 
52.Rxe4 Rxe4 53.Kf3 f5 0-1

[Event "HCL-E1525"]
[Site "www.playchess.de"]
[Date "2006.01.04"]
[Round "15"]
[White "Matu"]
[Black "Spotsychess"]
[WhiteElo "1538"]
[BlackElo "1474"]
[PlyCount "65"]
[Result "1-0"]

1.e4 e6 2.d4 b6 3.Ne2 Bb7 4.f3 Nf6 5.Bg5 Be7 6.c4 
h6 7.Bh4 Nh7 8.Bxe7 Qxe7 9.d5 e5 10.a3 O-O 11.Nbc3 
d6 12.b4 c5 13.b5 Nd7 14.a4 a5 15.Nc1 f5 16.Bd3 f4 
17.N1e2 Ndf6 18.Kd2 g5 19.Qe1 Qg7 20.Qf2 Kf7 
21.Rag1 Rfg8 22.g3 Nh5 23.gxf4 Nxf4 24.h4 Nxd3 
25.Kxd3 Qf6 26.Rgf1 Ke7 27.Ng3 gxh4 28.Nf5+ Kd7 
29.Qxh4 Ng5 30.Qxh6 Qxh6 31.Rxh6 Nf7 32.Rh7 Raf8 
33.Nh6 1-0

[Event "HCL-B3781"]
[Site "www.playchess.de"]
[Date "2006.01.04"]
[Round "11"]
[White "ama49"]
[Black "newplayer"]
[WhiteElo "1217"]
[BlackElo "1075"]
[PlyCount "67"]
[Result "1-0"]

1.e4 d5 2.exd5 Qxd5 3.Nc3 Qa5 4.Nf3 Bg4 5.Be2 e6 
6.O-O Bb4 7.a3 Bxc3 8.dxc3 Nd7 9.Re1 O-O-O 10.Bd2 
c6 11.c4 Qb6 12.b4 Bxf3 13.Bxf3 Ne7 14.Be3 Qa6 
15.Be2 b5 16.cxb5 cxb5 17.c3 Nd5 18.Bd4 e5 19.Bc5 
Nxc3 20.Qc2 Nxe2+ 21.Rxe2 f6 22.Be7+ Kb7 23.Bxd8 
Rxd8 24.Qe4+ Qc6 25.Qxh7 g5 26.Rc2 Qd5 27.Rac1 Kb6 
28.f3 a5 29.bxa5+ Kxa5 30.R2c3 Ra8 31.Rd3 Qa2 
32.Qxd7 Qe2 33.Rb1 Qxd3 34.Qxd3 1-0

[Event "HCL-C4059"]
[Site "www.playchess.de"]
[Date "2006.01.04"]
[Round "2"]
[White "Ezekiel283"]
[Black "Farquhart"]
[WhiteElo "800"]
[BlackElo "547"]
[PlyCount "61"]
[Result "1-0"]

1.e4 e5 2.Bc4 f6 3.Nf3 Nc6 4.O-O Bc5 5.b4 Bxb4 
6.c3 Bc5 7.d4 Be7 8.Nh4 f5 9.Qh5+ g6 10.Nxg6 Nf6 
11.Qh6 Bf8 12.Nxf8 Rxf8 13.Bg5 Ne7 14.dxe5 Ng4 
15.Qh5+ Ng6 16.Bxd8 Kxd8 17.Rd1 Nf4 18.Qg5+ Ke8 
19.Qxf4 a6 20.exf5 b5 21.Bb3 d6 22.Qxg4 Rxf5 
23.exd6 cxd6 24.Rxd6 Rxf2 25.Qe4+ Kf8 26.Qxa8 Rf7 
27.Bxf7 Kxf7 28.Qxc8 Ke7 29.Qe6+ Kf8 30.Rd7 b4 
31.Qf7+ {good game}  1-0

[Event "HCL-E1479"]
[Site "www.playchess.de"]
[Date "2006.01.04"]
[Round "12"]
[White "hal1958"]
[Black "SSOF"]
[WhiteElo "1541"]
[BlackElo "1893"]
[PlyCount "68"]
[Result "0-1"]

1.b4 a5 2.b5 d5 3.Bb2 c6 4.e3 e6 5.c4 Nf6 6.Nf3 
cxb5 7.cxd5 Nxd5 8.Bxb5+ Bd7 9.Qa4 Nb6 10.Bxd7+ 
N8xd7 11.Qg4 Rc8 12.O-O Nc4 13.Bd4 Nf6 14.Bxf6 
Qxf6 15.d4 Bb4 16.a3 Bd6 17.Nbd2 O-O 18.Ne4 Qe7 
19.Nxd6 Qxd6 20.Rfc1 Nxa3 21.Ne5 f6 22.Nd3 Rxc1+ 
23.Rxc1 b5 24.Nc5 f5 25.Qe2 Nc4 26.Qa2 f4 27.Rxc4 
bxc4 28.Qxc4 fxe3 29.fxe3 Qd5 30.Qa4 Qf5 31.h3 
Qf2+ 32.Kh2 Qxe3 33.Qxa5 Qf4+ 34.Kh1 
Qxd4 0-1

[Event "HCL-A2529"]
[Site "www.playchess.de"]
[Date "2006.01.04"]
[Round "16"]
[White "pawnstorm"]
[Black "Sonea"]
[WhiteElo "1529"]
[BlackElo "1321"]
[PlyCount "99"]
[Result "1-0"]

1.Nf3 d6 {hello from Imardin, Kyralia}  2.d4 {Hi 
from Lugano}  Nf6 3.Nc3 Nbd7 4.e4 e5 5.Bc4 h6 6.h3 
c6 7.O-O Qc7 8.Be3 Be7 9.Qd2 b5 10.Bb3 a5 11.a3 
Bb7 12.dxe5 dxe5 13.Rad1 O-O 14.Ne2 Rfd8 15.Ng3 
Bc5 16.Qe2 Bxe3 17.Qxe3 Rde8 18.Rd3 Rad8 19.Nf5 
Nf8 20.Rfd1 Rxd3 21.Rxd3 Rd8 22.Nxe5 Rxd3 23.Nxd3 
c5 24.Nxc5 a4 25.Ba2 Bc6 26.b4 Qe5 27.c3 Ng6 28.g3 
Nxe4 29.Nd4 Nxc5 30.Qxe5 Nxe5 31.Nxc6 Nxc6 32.bxc5 
Kf8 33.Bd5 Ne7 34.Bf3 Ke8 35.Be2 Nd5 36.Bxb5+ Kd8 
37.Bxa4 Nxc3 38.Bb3 f6 39.a4 Kc7 40.a5 Nb5 41.Bd5 
Kd8 42.a6 Kc7 43.Kg2 Kb8 44.Kf3 Ka7 45.Bb7 Nc7 
46.Ke4 Nxa6 47.Bxa6 Kxa6 48.Kd5 Kb7 49.Kd6 Kc8 
50.Kc6 1-0

[Event "HCL-B3746"]
[Site "www.playchess.de"]
[Date "2006.01.04"]
[Round "8"]
[White "dplcobra"]
[Black "jerrylaine"]
[WhiteElo "969"]
[BlackElo "1543"]
[PlyCount "90"]
[Result "0-1"]

1.g3 {Hi, good luck}  d5 {Same to You!}  2.e3 f5 
3.c4 {thank you}  c6 4.b3 Nf6 5.Bb2 e6 6.Bg2 Bd6 
7.cxd5 cxd5 8.Ne2 O-O 9.Nd4 Nc6 10.Na3 Nxd4 
11.exd4 Qa5 12.Qc1 Ne4 13.Bxe4 fxe4 14.Bc3 Qxa3 
15.b4 Qxc1+ 16.Rxc1 Bd7 17.h4 Bb5 18.Ra1 Bd3 
19.Rc1 Rac8 20.f3 Bxb4 21.Kf2 Rxf3+ 22.Kg2 Bxc3 
23.dxc3 b5 24.a3 Rcf8 25.h5 e3 26.Rcd1 e2 27.Rde1 
R3f2+ 28.Kh3 R2f1 29.Rhxf1 exf1Q+ 30.Rxf1 Bxf1+ 
31.Kh2 Rf3 32.g4 Rxc3 33.Kg1 Be2 34.Kf2 Bxg4 
35.Ke1 Rxa3 36.Kd2 b4 37.Kc2 a5 38.Kb2 Kf7 39.Kc2 
Rc3+ 40.Kd2 a4 41.h6 a3 42.Ke1 a2 43.Kd2 a1Q 
44.hxg7 Qb2+ 45.Ke1 Rc1+ 0-1

[Event "HCL-C3915"]
[Site "www.playchess.de"]
[Date "2006.01.04"]
[Round "1"]
[White "RJay"]
[Black "vulcan"]
[WhiteElo "800"]
[BlackElo "1157"]
[PlyCount "38"]
[Result "0-1"]

1.e4 e6 2.d3 d5 3.Nc3 Nf6 4.Bg5 Be7 5.f3 dxe4 
6.Nge2 exf3 7.gxf3 b6 8.b4 O-O 9.d4 Bb7 10.h4 Nh5 
11.Rg1 Bxf3 12.Nb5 Bxg5 13.hxg5 Nf4 14.Bg2 Nxg2+ 
15.Rxg2 Bxg2 16.Nf4 Bb7 17.Qg4 a6 18.d5 axb5 
19.Kf2 Bxd5 0-1

[Event "HCL-B3703"]
[Site "www.playchess.de"]
[Date "2006.01.04"]
[Round "4"]
[White "Sudha"]
[Black "Tofik"]
[WhiteElo "1500"]
[BlackElo "1375"]
[PlyCount "40"]
[Result "0-1"]

1.d4 Nf6 2.c4 g6 3.Bf4 Bg7 4.Nc3 O-O 5.Nf3 d6 6.h3 
b6 7.Qd2 Bb7 8.d5 e6 9.Bg5 Qd7 10.e4 Na6 11.Bh6 
Nc5 12.Bxg7 Kxg7 13.Bd3 exd5 14.exd5 Rae8+ 15.Kd1 
c6 16.Nh4 cxd5 17.cxd5 Nxd5 18.Bb5 Nxc3+ 19.Qxc3+ 
f6 20.Bxd7 Nxd7 0-1

[Event "ACL-T169"]
[Site "www.playchess.de"]
[Date "2006.01.04"]
[Round "5"]
[White "Walter"]
[Black "Chascarrillo"]
[WhiteElo "1902"]
[BlackElo "1500"]
[PlyCount "24"]
[Result "0-1"]

1.e4 e5 2.Nf3 Nc6 3.Bc4 Bc5 4.b4 Bxb4 5.c3 
{Hi...Let the games begin..}  Ba5 6.d4 exd4 7.Bg5 
Nge7 8.Nxd4 O-O 9.Nxc6 bxc6 10.O-O Qe8 11.Re1 Ng6 
12.Qa4 Qe5 0-1

[Event "ACL-T157"]
[Site "www.playchess.de"]
[Date "2006.01.04"]
[Round "5"]
[White "Walter"]
[Black "Goofy"]
[WhiteElo "1899"]
[BlackElo "1943"]
[PlyCount "54"]
[Result "0-1"]

1.e4 c5 2.Nf3 d6 3.d4 cxd4 4.Qxd4 Nc6 5.Qa4 Bd7 
6.Qb3 Nf6 7.Bd3 Qc8 8.Nc3 e6 9.a3 Be7 10.O-O O-O 
11.Bf4 e5 12.Be3 Be6 13.Nd5 Bxd5 14.exd5 e4 
15.Bxe4 Nxe4 16.Qa4 Nf6 17.dxc6 bxc6 18.Rfe1 Re8 
19.c4 Nd7 20.Rad1 Ne5 21.Nxe5 dxe5 22.b4 Qc7 
23.Qc2 a5 24.Bd2 axb4 25.axb4 Bf8 26.Bc3 f6 27.Qe4 
Red8 0-1

[Event "HCL-B3810"]
[Site "www.playchess.de"]
[Date "2006.01.04"]
[Round "4"]
[White "dynamike"]
[Black "sundfar"]
[WhiteElo "1463"]
[BlackElo "1265"]
[PlyCount "39"]
[Result "1-0"]

1.e4 c5 2.Nf3 e6 3.d4 Nc6 4.d5 exd5 5.exd5 Na5 
6.Nc3 d6 7.Be2 b6 8.O-O Be7 9.Re1 Nf6 10.Bf4 O-O 
11.a3 Re8 12.b4 Nb7 13.h3 h6 14.Qd2 Nh5 15.Be3 Qd7 
16.Bb5 Qd8 17.Bxe8 Qxe8 18.Qe2 g5 19.Bxg5 hxg5 
20.Nxg5 1-0

[Event "HCL-B3805"]
[Site "www.playchess.de"]
[Date "2006.01.04"]
[Round "7"]
[White "RUDI"]
[Black "dynamike"]
[WhiteElo "1288"]
[BlackElo "1479"]
[PlyCount "72"]
[Result "0-1"]

1.e4 {Hallo!!}  c5 {Hallöle aus Stuttgart}  2.Bc4 
{liegt das jetzt in Holland? Wegen der Steuer, 
richtig?}  e6 {Ich glaube, die Steuern sind in 
Holland auch nicht so viel niedriger. Dann sollte 
man Stuttgart eher nach Ösi-Land oder Schweiz 
verlegen und das auch eher wg. der geringeren 
Bürokratie.}  3.d3 {aber Du bist Holländer, wenn 
auch aus Stuttgart - oder?}  Nc6 {genau, ich kann 
auch gar kein holländisch}  4.Nf3 {klingt 
jedenfalls deutscher als schwäbisch, finde ich...} 
 Qc7 {ja, ins schwäbische muß man sicher erst 
hineinhören. weischt ... besonders, wenn man - wie 
ich - eigentlich aus dem hohen Norden kommt.}  
5.O-O Nf6 6.a3 d6 7.Nc3 a6 8.Ba2 Be7 9.Ne2 O-O 
10.c3 e5 11.Ng3 Rd8 12.c4 b5 13.Bd2 h6 14.Nf5 Bxf5 
15.exf5 Qd7 16.Nh4 {Du spielst sehr gut - das 
Turnier hast Du im Griff - 2 gewonnen, bei den 
anderen im Vorteil...}  Nd4 {Wenn die doch alle so 
schnell aufgeben *schmoll* :-)}  17.f4 {wenn Du 
den Gaul nicht zurückziehst, geb ich auch auf!!!}  
Nh7 {ok, das hat mich überzeugt}  18.Nf3 {Gut so, 
jetzt die Dame auf e6, sonst gebe ich auf...}  
Qxf5 {...ich dann auch :)}  19.Nxd4 exd4 20.Qe2 
Rde8 21.Qf3 Rab8 22.b4 Nf6 23.cxb5 axb5 24.Bb3 d5 
25.Rfc1 c4 26.dxc4 dxc4 27.Ba2 Ne4 28.Be1 Bf6 
29.Rcd1 d3 30.Bb1 Bxa1 31.Bg3 {na, immerhin lebe 
ich nach 30 Zügen noch, wenn auch nicht mehr 
lange}  Bd4+ {nun mal nicht so bescheiden. Es 
lohnt sich bei mir immer auf einen Patzer zu 
warten.}  32.Kh1 {hoffentlich erkenn ich ihn dann 
auch...}  Nxg3+ {ich würde den Patzer ja 
ankündigen, wenn ich es nur vorher wüßte :)}  
33.Qxg3 {zu spät, so schlecht könntest Du wohl 
nicht spielen jetzt, vielleicht ein andermal.}  
Re3 {ich kann noch viel schlechter spielen :)}  
34.Qh4 {Kompliment, Du stehst einfach sehr gut, 
von Beginn an}  Ra8 {reine Glückssache :) Ein 
blindes Huhn ...}  35.a4 bxa4 36.Re1 
a3 0-1